000 00708cam a22002531 4500
001 sa 68009166
003 DLC
005 20260227112541.0
008 890724s1967 ii b 000 0 gujo
010 _asa 68009166
035 _a(OCoLC)20059757
040 _aDLC
_cWaU
_dDLC
042 _apremarc
043 _aa-ii---
050 0 0 _aPK1854
_b.D3
100 1 _aDave, Ishvarlal Ratilal,
_d1921-
245 1 0 _aTuṅkī vārtā: śilpa ane sarjana.
260 _c[1967]
300 _a6, [2], 132 p.
_c22 cm.
500 _aIn Gujarati.
504 _aList of the author's works: p. [8] (1st group)
504 _aBibliographical footnotes.
650 0 _aShort stories, Gujarati
_xHistory and criticism.
999 _c82762
_d82762